000 00430nam a2200133Ia 4500
005 20260328104252.0
008 260328s9999||||xx |||||||||||||| ||und||
100 _aAlayón González, José Javier
245 0 _aVillanueva :
_b Investigación, docencia, Arte y Arquitectura del academicismo a la Modernidad /
_cJosé Javier Alayón González
260 _bAlgo Ediciones
300 _a112 p.
650 _aARQUITECTOS
942 _cBK
999 _c10266
_d10266